Statistiken für Größte deutsche Städte nach Buchstabe - M

Klicken Sie hier um das Quiz zu spielen!

Allgemein

  • Dieses Quiz wurde 5.286 mal gespielt
  • Das Durchschnittsergebnis liegt bei 7 aus 16

Antwortstatistiken

LandEinwohnerStadt% Korrekt
Bayern1.484.226München
99%
Sachsen-Anhalt237.565Magdeburg
81%
Rheinland-Pfalz218.578Mainz
80%
Baden-Württemberg310.658Mannheim
80%
NRW315.293Münster
72%
NRW261.034Mönchengladbach
56%
Hessen77.129Marburg
47%
NRW170.632
Mülheim
38%
NRW81.716Minden
37%
NRW103.902Moers
32%
Bayern44.100Memmingen
30%
NRW84.067Marl
18%
NRW40.948Monheim am Rhein
12%
NRW52.608Menden (Sauerland)
11%
NRW56.415Meerbusch
9%
Niedersachsen46.588Melle
8%

Verteilung der Resultate

Perzentil nach korrekt beantworteten Fragen

Anzahl Personen mit jedem Resultat

Ihre Resultats-Entwicklung

Sie haben dieses Quiz noch nicht gespielt